Juice WRLD Lyric Quiz - Statistics

General Stats
  • This quiz has been taken 1,595 times
  • The average score is 28 of 91
Answer Stats
Hint Answer % Correct
They tell me I'ma be a legend, I don't want that title now 'Cause all the legends seem to die out, what the fuck is this 'bout? Legends
74%
Leave this shit in the past, but I want it to last Lucid Dreams
72%
Fuck sippin', I'ma down a whole bottle All Girls Are The Same
66%
I'm not sure I don't know if it's because my heart hurts or if I'm insecure Candles
59%
Red or purple in a cup, which one shall I pick today? Armed and Dangerous
58%
We're perfectly imperfect children Empty
56%
This is the part where I take all my feelings and hide 'em 'Cause I don't want nobody to hurt me Wishing Well
56%
I don't wanna leave I just wanna be with you Robbery
55%
But you know I ain't fucking with these hoes no more Go
54%
Girl, you hate it when I'm too high But that's where I belong, where I belong Lean Wit Me
54%
She told me that she tryna get closer to Satan She be talkin' to him when she in the matrix Wasted
53%
Up, down, left, right, A, B, cheat codes Stay High
51%
I dive in it like a sailor, I love to nail her Addicted to her paraphernalia, I had to tell her Bandit
48%
Over ice, I'm freezing Righteous
47%
Juice like 2Pac Shakur, no ice tea Conversations
46%
I found your vibe, and I, and I found my high Let Me Know
45%
Smoking on loud, and that codeine, I sip Pouring up this purple shit until it's in my piss Black & White
44%
First off, tell the girl in my math class I'm rich And you broke, bitch, I had the last laugh Graduation
44%
I smoke my dope and I pop my perky Sticks & Stones (Hurt Me)
43%
Sayin' goodbye to bygones, those are bygone Come & Go
42%
I remember when she left me for the next guy Now she calling me her next guy I'll Be Fine
42%
Hopefully, you see it clear, hopefully, it's HD Hate Me
40%
Repeat it over and over until it's in my brain Fine China
39%
She love the coke, but not Coca-Cola End Of The Road
38%
Put a beam on the glizzy, don't get caught between the lines Hate The Other Side
38%
Brand new Chanels Don't look at the tag, baby ON GOD
38%
Wear your best dress, girl, 'cause you gon' die in it Used To
38%
My mama taught me better than that, I'll be honest Fast
37%
I took my demons into the bank of life and I made the biggest deposit Maze
37%
She got a man, I told him, "Come to the moonlight brawl" Moonlight
37%
Sometimes when I'm high, I feel high in reverse Rich And Blind
37%
you tell me that you're sad inside I'm sad that I can't satisfy Smile
37%
I bet I'll never die again Bullets fly again, Cupid hit his target Who Shot Cupid?
37%
'Atta boy, I done turned to a man Flaws And Sins
36%
My lady said she saw a baddie in the hotel lobby Well, love, let's fuck her together Man Of The Year
36%
So it's getting hard to drive, anxiety at a stoplight Up Up And Away
36%
When the moon shines like Ice Road Truckers I look like a villain outta those blockbusters Godzilla
34%
They say hard work pays off, I've been feeling paid Hard Work Pays Off
34%
Can't get time back, I been beggin' for it Titanic
33%
Treat your heart just like a blunt of OG Hear Me Calling
32%
I been hurt but I'm beyond that Scared Of Love
32%
Been three weeks, I still haven't met my peak 10 Feet
31%
Than who? These niggas And these bitches that think that they get it Blood On My Jeans
31%
Demons in my heart, they destroy me like a vandal Fighting Demons
31%
I'ma do the dash, get to the bag, ain't no one as bad as me Bad Boy
30%
Life is a ocean, demons I've been drownin' out Bad Energy
30%
Picasso, I paint that, where the fuck is the bank at? Big
30%
Cross my heart, hope to survive That I'ma be the last rich nigga alive Can't Die
30%
Elephant all in the room, she buried me in a tomb I'm Still
30%
Haven't been in love in a long while Wait until my next girl finds out Long Gone
29%
Something ain't right 'bout the pills but I bought them Something ain't right with my mind so I lost it Ring Ring
29%
I'm a high guy, kinda fly too Screw Juice
29%
She tell me I taste just like a lollipop She can't stop lickin' me Syphilis
28%
Drugs in my head, you heard what I said Feeling
27%
Was a lost cause with some lost love Life's A Mess
27%
Hate it when you tease Where you think you're goin'? When you comin' back to me? Make Believe
27%
Numb the pain, take these Percs to the mouth and the nose HeMotions
26%
I'm codeine Cobain, I'ma pour a four Rider
26%
I'm a rockstar lifestyle livin', dirt bike ridin', totin' stainless, I aim big The Bees Knees
26%
The days seem longer as life gets shorter PTSD
25%
Knife on the AK, stab 'em with a gun, ho Nuketown
24%
Fuck telling stories, I'ma make one Demons And Angels
22%
I’ll never leave her alone, no way Desire
21%
In her soul, dark and light fight for the control Run!
21%
Just follow all your dreams and when you reach them, celebrate Autograph
20%
You gave me your heart, it was made of plastic Roses
20%
You fightin' through a text using all caps Fuck this, screw that, you sayin' to send you back home Tell Me U Luv Me
20%
No games, but I XBOX control her Yacht Club
20%
Goin' in raw, want you to feel me, I'm not playin' around Your heart is my safe house I Want It
19%
I remember math class, I ain't do shit, I was just Xanned out Make It Back
19%
Keep a 40, it's hungry I turn your block to a buffet Realer N Realer
19%
Workin' out my demons, they in better shape Real Shit
19%
Gotta step out, get some fresh air Posted in the club, saw you pull up with your rebound Reminds Me Of You
19%
Follow me through the hell and the storm She's The One
19%
You keep me hope, my antidote Won't Let Go
19%
But if it's a problem, bruh gon' come and shoot you from the neck up Out My Way
18%
ride in the Range, ride in the Rover I'm switchin' lanes, losing composure Jet Lag
17%
Devil horns on a angel, still haven't learned my lesson Blastoff
16%
she wanna kick it, she know judo No Issue
14%
You don't gotta to pay for none of these Perkys, bitch, the pills on us WRLD On Drugs
14%
White bitch nerdy, her name Susie, uh The bitch head game go stupid, uh Astronauts
13%
I ball on these hoes and I flex, did it on my own Lost Her
13%
And I brought you 'round momma But you let me down, yeah, you let me drown in drama My Fault
9%
Percocets big not little Got white like Malcolm no middle, oh Rainbow
9%
Get my bread, then I get my head, then I get my closure Until It's Over
8%
Had her in the past, but I will not rewind, yeah On My Mind
7%
You on a mission, you wanna see me destroyed Paranoid
7%
That's how that go Double cup, get my lean on Double cup, get my lean on Two Cups
7%
If I die tell my Momma I'm a stoner YOUDON'TLOVEME
7%
She know that I'm not like those other guys Eye Contact
6%
Life is a picture and I got all my hands in the frame Old Me
6%
No matching quizzes found
Score Distribution
Percent of People with Each Score
Percentile by Number Answered
Your Score History
You have not taken this quiz